Manufacturing interoperability program, a synopsis /

Bibliographic Details
Main Author: Kemmerer, Sharon J.
Corporate Author: National Institute of Standards and Technology (U.S.)
Format: Government Document eBook
Language:English
Published: Gaithersburg, MD : U.S. Dept. of Commerce, National Institute of Standards and Technology, 2009.
Series:NISTIR ; 7533.
Online Access:https://purl.fdlp.gov/GPO/gpo101327

MARC

Tag First Indicator Second Indicator Subfields
LEADER 00000cam a2200000Ii 4500
001 in00004064513
005 20211120102420.0
007 cr cn|||||||||
008 160421s2009 mdu ot f000 0 eng d
024 8 |a GOVPUB-C13-a23c1ee474835c084dc5a5a671d9e9ca 
035 |a (OCoLC)ocn947049568 
040 |a NBS  |b eng  |e rda  |e pn  |c NBS  |d GPO  |d MvI  |d UtOrBLW 
049 |a WWW 
074 |a 0247-D (online) 
086 0 |a C 13.58:7533 
100 1 |a Kemmerer, Sharon J.  |0 http://id.loc.gov/authorities/names/nr2003004801 
245 1 0 |a Manufacturing interoperability program, a synopsis /  |c Sharon J. Kemmerer. 
264 1 |a Gaithersburg, MD :  |b U.S. Dept. of Commerce, National Institute of Standards and Technology,  |c 2009. 
300 |a 1 online resource. 
336 |a text  |b txt  |2 rdacontent 
337 |a computer  |b c  |2 rdamedia 
338 |a online resource  |b cr  |2 rdacarrier 
490 1 |a NISTIR ;  |v 7533 
500 |a 2009. 
500 |a Contributed record: Metadata reviewed, not verified. Some fields updated by batch processes. 
500 |a Title from PDF title page. 
504 |a Includes bibliographical references. 
700 1 |a Kemmerer, Sharon J.  |0 http://id.loc.gov/authorities/names/nr2003004801 
710 2 |a National Institute of Standards and Technology (U.S.)  |0 http://id.loc.gov/authorities/names/n88112126 
830 0 |a NISTIR ;  |v 7533.  |0 http://id.loc.gov/authorities/names/n88507971 
856 4 0 |u https://purl.fdlp.gov/GPO/gpo101327  |t 0 
999 f f |s 01fde27a-ae82-3ad8-b75d-0a52924694e0  |i a2f741f1-13be-30a2-a977-9c8c1d8dcf3e  |t 0 
952 f f |a Texas A&M University  |b College Station  |c Electronic Resources  |d Available Online  |t 0  |e C 13.58:7533  |h Superintendent of Documents classification 
998 f f |a C 13.58:7533  |t 0  |l Available Online